| 000 | 00803nam a2200277Ia 4500 | ||
|---|---|---|---|
| 001 | Para_4209 | ||
| 003 | CHAP | ||
| 008 | 220125s1944 xx 000 0 und d | ||
| 010 | _a202757 | ||
| 040 | _cCHAP | ||
| 090 | _aPA FOLLETO 1269 | ||
| 100 |
_aTate, H. Douglas _9111734 |
||
| 245 |
_aThe mosquitoes of Nebraska / _c H. Douglas Tate and Doris B. Gates |
||
| 260 |
_aLincolh, Nebraska : _b Agricultural Experiment Station |
||
| 300 | _a27 p. | ||
| 440 |
_aNebraska Agri. Exp. Sta. Research bull; 133 _9168122 |
||
| 650 |
_aMosquitos _x Nebraska _9168123 |
||
| 700 |
_aGates, Doris B. _947263 |
||
| 901 | _aPA FOLLETO 1269 | ||
| 902 | _aA | ||
| 905 | _a0000001944 LIN 0000000000 00 | ||
| 910 | _a1944 | ||
| 942 | _cPARA | ||
| 942 |
_cPARA _d1 |
||
| 999 |
_c202757 _d202757 |
||